Catálogo

Enfermería maternoinfantil / (Registro nro. 18401)

Detalles MARC
000 -LEADER
fixed length control field 01398nam a2200325 i 4500
001 - CONTROL NUMBER
control field 18401
003 - CONTROL NUMBER IDENTIFIER
control field Mx-PuUPA
005 - DATE AND TIME OF LATEST TRANSACTION
control field 20250911120748.0
008 - FIXED-LENGTH DATA ELEMENTS--GENERAL INFORMATION
fixed length control field 140415s1982 mx a gr 001 0 spa d
020 ## - INTERNATIONAL STANDARD BOOK NUMBER
International Standard Book Number 9682507537
040 ## - CATALOGING SOURCE
Original cataloging agency Mx-PuUPA
Language of cataloging spa
Transcribing agency Mx-PuUPA
Modifying agency Mx-PuUPA
Description conventions rda
041 1# - LANGUAGE CODE
Language code of text/sound track or separate title spa
Language code of original eng
100 1# - MAIN ENTRY--PERSONAL NAME
Personal name Bleier, Inge J.,
Relator term autor
245 10 - TITLE STATEMENT
Title Enfermería maternoinfantil /
Statement of responsibility, etc. Inge J. Bleier ; traducción de la tercera edición, Georgina Guerrero ; traducción y adaptación de la cuarta edición, Federico Bonet
250 ## - EDITION STATEMENT
Edition statement Segunda edición /
Remainder of edition statement en español
264 #1 - PRODUCTION, PUBLICATION, DISTRIBUTION, MANUFACTURE, AND COPYRIGHT NOTICE
Place of production, publication, distribution, manufacture México D.F. :
Name of producer, publisher, distributor, manufacturer Nueva Editorial Interamericana,
Date of production, publication, distribution, manufacture, or copyright notice 1982
300 ## - PHYSICAL DESCRIPTION
Extent vii, 336 páginas :
Other physical details ilustraciones (blanco y negro) ;
Dimensions 23 cm
336 ## - CONTENT TYPE
Fuente rdacontent
Content type term texto
Content type code txt
337 ## - MEDIA TYPE
Source rdamedia
Media type term sin medio
Media type code n
338 ## - CARRIER TYPE
Source rdacarrier
Carrier type term volumen
Carrier type code nc
500 ## - GENERAL NOTE
General note Se menciona "cuarta edición" en la portada. Se refiere la edición en idioma original de la cual fue traducida.
650 #7 - SUBJECT ADDED ENTRY--TOPICAL TERM
Topical term or geographic name entry element Enfermería ginecológica
Source of heading or term armarc
650 #7 - SUBJECT ADDED ENTRY--TOPICAL TERM
Topical term or geographic name entry element Enfermería pediátrica
Source of heading or term armarc
700 1# - ADDED ENTRY--PERSONAL NAME
Personal name Guerrero, Georgina,
Relator term traductor
700 1# - ADDED ENTRY--PERSONAL NAME
Personal name Bonet M., Federico,
Relator term traductor
-- adaptador
765 0# - ORIGINAL LANGUAGE ENTRY
Main entry heading Bleier, Inge J.
Title Beside Maternity Nursing
Place, publisher, and date of publication Philadelphia : W.B. Saunders Company, ©1979
International Standard Book Number 0721617433
942 ## - ADDED ENTRY ELEMENTS (KOHA)
Source of classification or shelving scheme Dewey Decimal Classification
Koha item type Libro
Classification part 618.9200231
Item part B6418
Existencias
Withdrawn status Lost status Source of classification or shelving scheme Damaged status Not for loan Collection code Home library Current library Shelving location Date acquired Source of acquisition Total Checkouts Full call number Barcode Date last seen Date last checked out Price effective from Koha item type
    Dewey Decimal Classification     General Biblioteca Karol Wojtyla Biblioteca Karol Wojtyla Sala general 03/12/2013 Compra 1 618.9200231 B6418 1982 37707 05/01/2026 22/08/2019 03/12/2013 Libro
    Dewey Decimal Classification   Consulta en sala General Tehuacán Tehuacán Sala general 13/03/2017 Compra   616.992 GAR 2012 510466 08/01/2025   24/03/2017 Reserva permanente